zpět

Detail výsledku týmu

MusiClub Drago, Nový Jičín

Datum a čas kvízu

19 Celkem bodů Celkový počet nahraných bodů na tomto kvízu bez doplňovacích otázek.
12. Pořadí na kvízu Konečné umístění týmu na tomto kvízu.

Zaznamenané odpovědi

# Otázka Odpověď Body Výsledky
1. Bývalá pražská primátorka Adri... C) detektivní román 0
2. Princ Harry a jeho manželka Me... megxit 0
3. Minulý týden byla zapsána na s... vamberecká (krajka) 1
4. První český výrobce nealkoholi... Mattoni, Košík.cz 0.5
5. Ve čtvrtek začalo mistrovství... o házené (mužů) 1
6. Rožnovský tým Kačeři vyhrál mo... Dave Gahan 0
7. Jak se jmenuje umělec, který v... Marilyn Manson 0
8. Podle čeho si tato kapela vybr... B) podle časopisu 1
9. Gary Numan, Ultravox, Devo...... synthpop / synthrock 0
10. Depešáci ovlivnili řadu hudebn... Shalom 1